000
00299nam a2200133Ia 4500
008
190216s9999||||xx |||||||||||||| ||und||
100
_a
Narayana Rao. Bv
245
0
_a
Modern Physics
250
_a
1st Ed.
260
_b
Wiley Eastern Ltd
_c
1993
300
_a
615
650
_a
Physics
942
_c
BK
999
_c
33310
_d
33310